[Event "Bratto op-B 27th"]
[Site "Bratto"]
[Date "2007.08.28"]
[Round "5"]
[White "Cocuzzi, Edoardo"]
[Black "Saccani, Ercole"]
[Result "1/2-1/2"]
[WhiteElo "1887"]
[BlackElo "1715"]
[PlyCount "97"]
[EventDate "2007.08.24"]
[EventType "swiss"]
[EventRounds "8"]
[EventCountry "ITA"]
[SourceTitle "CBM 120 Extra"]
[Source "ChessBase"]
[SourceDate "2007.11.01"]
[SourceVersion "1"]
[SourceVersionDate "2007.11.01"]
[SourceQuality "1"]

1. e4 d6 2. d4 Nf6 3. Nc3 c6 4. Be3 g6 5. Be2 Bg7 6. a3 b6 7. g4 h5 8. gxh5 Nxh5 9. Qd2 Ba6 10. f4 Ng3 11. Bxa6 Nxa6 12. hxg3 Rxh1 13. Qg2 Rh8 14. g4 Rc8 15. 0-0-0 Nc7 16. f5 d5 17. Nh3 Nb5 18. Nf4 Nxc3 19. bxc3 Qd6 20. Kb2 Bf8 21. e5 Qb8 22. fxg6 fxg6 23. Nxg6 Rg8 24. Qh3 c5 25. Rf1 Rxg6 26. Rxf8+ Kxf8 27. Qh8+ Kf7 28. Qh7+ Rg7 29. e6+ Kxe6 30. Qf5+ Kd6 31. Bf4+ Kc6 32. Bxb8 Rxb8 33. Qe6+ Kb7 34. Qxd5+ Kc8 35. Qe6+ Kb7 36. Qd7+ Ka8 37. d5 a6 38. d6 Rb7 39. Qd8+ Ka7 40. dxe7 Rbxe7 41. a4 Rb7 42. g5 Rg6 43. c4 a5 44. Kb3 Rbg7 45. Kc3 Rxg5 46. Kb2 Rg4 47. Kb3 Rd4 48. Qf8 Rgd7 49. Qe8 1/2-1/2

[Event "Bratto op-B 27th"]
[Site "Bratto"]
[Date "2007.08.26"]
[Round "3"]
[White "Fontanesi, Riccardo"]
[Black "Saccani, Ercole"]
[Result "1-0"]
[WhiteElo "1837"]
[BlackElo "1715"]
[PlyCount "49"]
[EventDate "2007.08.24"]
[EventType "swiss"]
[EventRounds "8"]
[EventCountry "ITA"]
[SourceTitle "CBM 120 Extra"]
[Source "ChessBase"]
[SourceDate "2007.11.01"]
[SourceVersion "1"]
[SourceVersionDate "2007.11.01"]
[SourceQuality "1"]

1. d4 Nf6 2. c4 d5 3. Nf3 c6 4. Nc3 e6 5. e3 Nbd7 6. Bd3 Be7 7. 0-0 0-0 8. b3 Re8 9. Qc2 Bb4 10. Bb2 Ba5 11. Ne5 Bc7 12. f4 Nf8 13. Ba3 g6 14. Qf2 Bd6 15. Bxd6 Qxd6 16. c5 Qc7 17. g4 Re7 18. Qh4 Ne8 19. g5 Ng7 20. Ng4 Nf5 21. Bxf5 exf5 22. Nf6+ Kh8 23. Qh6 Qd8 24. Rf3 Re6 25. Rh3 1-0

[Event "Bratto op-B 27th"]
[Site "Bratto"]
[Date "2007.08.24"]
[Round "1"]
[White "Menegollo, Carlo"]
[Black "Saccani, Ercole"]
[Result "1-0"]
[WhiteElo "1889"]
[BlackElo "1715"]
[PlyCount "65"]
[EventDate "2007.08.24"]
[EventType "swiss"]
[EventRounds "8"]
[EventCountry "ITA"]
[SourceTitle "CBM 120 Extra"]
[Source "ChessBase"]
[SourceDate "2007.11.01"]
[SourceVersion "1"]
[SourceVersionDate "2007.11.01"]
[SourceQuality "1"]

1. e4 c5 2. Nf3 d6 3. d4 cxd4 4. Nxd4 Nf6 5. Nc3 Nc6 6. f3 e6 7. Be3 Be7 8. Bc4 0-0 9. Qd2 Ne5 10. Bb3 a6 11. 0-0-0 Qc7 12. g4 Rd8 13. g5 Nh5 14. Qe2 g6 15. f4 Nc6 16. Qf2 Na5 17. Nde2 Nxb3+ 18. cxb3 Qc6 19. Ng3 Ng7 20. Kb1 b5 21. h4 Bb7 22. h5 d5 23. hxg6 fxg6 24. Qh2 dxe4 25. Qxh7+ Kf7 26. Bd4 Rxd4 27. Rxd4 e3 28. Rhd1 Qc5 29. Nce4 e2 30. Nxc5 exd1Q+ 31. Rxd1 Bd5 32. Nd3 Bd6 33. Ne5+ 1-0